|
|
|
|
| LEADER |
00000nas a22000007a 4500 |
| 005 |
20130218182631.0 |
| 007 |
cr|||| |||| |
| 008 |
130218c20109999bo un|p s|||| 0|||b|spa d |
| 035 |
|
|
|a 6471
|
| 040 |
|
|
|a vLex
|
| 090 |
|
|
|c 3679
|d 3679
|
| 245 |
0 |
0 |
|a Alerta laboral
|h [Recurso electrn̤ico]
|
| 256 |
|
|
|a Servicio en ln̕ea
|
| 260 |
|
|
|a La Paz :
|b Centro de Estudios para el Desarrollo Laboral y Agrario,
|c 2010-
|
| 300 |
|
|
|a 1 Recurso electrn̤ico
|
| 650 |
0 |
4 |
|a Derecho laboral y Seguridad Social
|v Revistas
|z Bolivia
|
| 740 |
|
|
|a vLex Revistas (Servicio en ln̕ea)
|
| 856 |
|
|
|a Acceso restringido
|u http://www.vlex.com/source/6471
|
| 942 |
|
|
|c REV
|
| 999 |
|
0 |
|a Labor laws and legislation
|